ফিকহশাস্ত্রের ক্রমবিকাশ : (Record no. 38732)
[ view plain ]
| 000 -LEADER | |
|---|---|
| fixed length control field | 01228nam a2200265 a 4500 |
| 001 - CONTROL NUMBER | |
| control field | 38732 |
| 003 - CONTROL NUMBER IDENTIFIER | |
| rucl marc code | BD-RjUL |
| 005 - DATE AND TIME OF LATEST TRANSACTION | |
| control field | 20211209052841.0 |
| 008 - FIXED-LENGTH DATA ELEMENTS--GENERAL INFORMATION | |
| fixed length control field | 160215s1988 bg ||||| |||| 00| 0 ben d |
| 020 ## - INTERNATIONAL STANDARD BOOK NUMBER | |
| Terms of availability | : Tk. 30.00 |
| 035 ## - SYSTEM CONTROL NUMBER | |
| System control number | (BD-RjUL)38841 |
| 040 ## - CATALOGING SOURCE | |
| Original cataloging agency | BD-RjUL |
| Language of cataloging | ben |
| Transcribing agency | BD-RjUL |
| Modifying agency | BD-RjUL |
| 041 ## - LANGUAGE CODE | |
| Language code of text/sound track or separate title | ben |
| -- | ara |
| 082 ## - DEWEY DECIMAL CLASSIFICATION NUMBER | |
| Edition number | 23 |
| Classification number | 340.5909 |
| Author mark and year | ABF 1988 |
| 100 1# - MAIN ENTRY--PERSONAL NAME | |
| Personal name | আবদুল্লাহ, আবু ছাঈদ মোহাম্মদ |
| 9 (RLIN) | 119486 |
| 245 10 - TITLE STATEMENT | |
| Title | ফিকহশাস্ত্রের ক্রমবিকাশ : |
| Remainder of title | [ইসলামী আইনশাস্ত্রের ইতিহাস] / |
| Statement of responsibility, etc. | আবু ছাঈদ মোহাম্মদ আবদুল্লাহ |
| 250 ## - EDITION STATEMENT | |
| Edition statement | ৩য় সং. |
| 260 ## - PUBLICATION, DISTRIBUTION, ETC. (IMPRINT) | |
| Place of publication, distribution, etc. | ঢাকা : |
| Name of publisher, distributor, etc. | ইসলামিক ফাউন্ডেশন বাংলাদেশ, |
| Date of publication, distribution, etc. | ১৯৮৮ |
| 300 ## - PHYSICAL DESCRIPTION | |
| Pagination | [১৪], ১৬৪ পৃ. ; |
| Size | ২০ সেমি. |
| 490 ## - SERIES STATEMENT | |
| Series statement | ই. ফা. বা. প্রকাশনা ; |
| Volume/sequential designation | ৯৫৭ / ২ |
| 650 ## - SUBJECT ADDED ENTRY--TOPICAL TERM | |
| Topical term or geographic name as entry element | ইসলামী আইন |
| General subdivision | ইতিহাস |
| 9 (RLIN) | 119487 |
| Topical term or geographic name as entry element | Islamic law |
| General subdivision | History. |
| 9 (RLIN) | 119488 |
| 830 ## - SERIES ADDED ENTRY--UNIFORM TITLE | |
| Uniform title | ই. ফা. বা. প্রকাশনা ; |
| Volume number/sequential designation | ৯৫৭ / ২ |
| 942 ## - ADDED ENTRY ELEMENTS (KOHA) | |
| Source of classification or shelving scheme | Dewey Decimal Classification |
| Koha item type | Books |
| Lost status | Source of classification or shelving scheme | Damaged status | Not for loan | Collection code | Permanent Location | Current Location | Shelving location | Date acquired | Source of acquisition | Cost, normal purchase price | Total Checkouts | Full call number | Date last seen | Copy number | Koha item type |
|---|---|---|---|---|---|---|---|---|---|---|---|---|---|---|---|
| Dewey Decimal Classification | Non-fiction | Central Library, University of Rajshahi | Central Library, University of Rajshahi | 05/03/1996 | ইসলামীক ফাউন্ডেশন, বাংলাদেশ | 30.00 | B 340.5909 ABF 1988 | 15/02/2016 | C-2 | Books | |||||
| Dewey Decimal Classification | Non-fiction | Central Library, University of Rajshahi | Central Library, University of Rajshahi | 05/03/1996 | Islamic Foundetion, Rajshahi | 30.00 | B 340.5909 ABF 1988 | 21/09/2016 | C-1 | Books |